Statistics for Italian Provinces by first two letter in 120 seconds

Click here to take the quiz!

General Stats

  • This quiz has been taken 492 times
  • The average score is 77 of 107

Answer Stats

HintAnswer% Correct
ApuliaBarletta-Andria-Trani
98%
TuscanyMassa-Carrara
95%
SardiniaCagliari (City Metropolitan)
92%
SicilyCaltanissetta
92%
MoliseCampobasso
92%
CampaniaCaserta
92%
SicilyCatania (City Metropolitan)
92%
CalabriaCatanzaro
92%
AbruzzoL'Aquila
92%
VenetoPadua
92%
SicilyPalermo (City Metropolitan)
92%
Emilia-RomagnaParma
92%
LombardyPavia
92%
LombardyMonza and Brianza
91%
PiedmontVerbano-Cusio-Ossola
90%
ApuliaBari (City Metropolitan)
86%
MarcheMacerata
86%
LombardyMantua
86%
BasilicataMatera
86%
VenetoBelluno
85%
CampaniaBenevento
85%
LombardyBergamo
85%
Emilia-RomagnaBologna (City Metropolitan)
85%
Trentino-Alto Adige/SüdtirolBolzano/ South Tyrol
85%
LombardyMilan (City Metropolitan)
85%
SardiniaSouth Sardinia
85%
SicilyTrapani
85%
Trentino-Alto Adige/SüdtirolTrento
85%
VenetoTreviso
85%
Friuli-Venezia GiuliaTrieste
85%
MarchePesaro and Urbino
84%
Emilia-RomagnaPiacenza
84%
TuscanyPisa
84%
TuscanyPistoia
84%
CampaniaNaples (City Metropolitan)
83%
UmbriaPerugia
83%
AbruzzoPescara
83%
LazioRome (City Metropolitan)
83%
VenetoRovigo
83%
LiguriaLa Spezia
82%
CampaniaSalerno
82%
SardiniaSassari
82%
LiguriaSavona
82%
VenetoVenice (City Metropolitan)
82%
PiedmontVercelli
82%
VenetoVerona
82%
Emilia-RomagnaForlì-Cesena
81%
LazioLatina
81%
ApuliaLecce
80%
LombardyLecco
80%
Friuli-Venezia GiuliaPordenone
78%
BasilicataPotenza
78%
LombardyComo
77%
CalabriaCosenza
77%
CalabriaVibo Valentia
77%
VenetoVicenza
77%
LazioViterbo
77%
LombardyBrescia
75%
ApuliaBrindisi
75%
Emilia-RomagnaModena
73%
SicilyRagusa
71%
Emilia-RomagnaRavenna
71%
CalabriaReggio Calabria (City Metropolitan)
71%
Emilia-RomagnaReggio Emilia
71%
ApuliaFoggia
70%
LazioRieti
69%
Emilia-RomagnaRimini
69%
AbruzzoTeramo
68%
UmbriaTerni
68%
MarcheFermo
67%
Emilia-RomagnaFerrara
67%
SicilyMessina (City Metropolitan)
67%
LiguriaGenoa (City Metropolitan)
66%
ApuliaTaranto
66%
Aosta ValleyAosta
65%
LombardyCremona
62%
CalabriaCrotone
62%
TuscanyLivorno
62%
LombardyLodi
62%
TuscanySiena
62%
MarcheAncona
60%
MarcheAscoli Piceno
59%
PiedmontAsti
59%
PiedmontTurin (City Metropolitan)
58%
LombardyVarese
56%
CampaniaAvellino
55%
Friuli-Venezia GiuliaGorizia
55%
AbruzzoChieti
54%
PiedmontCuneo
54%
TuscanyLucca
54%
PiedmontAlessandria
53%
PiedmontBiella
53%
PiedmontNovara
52%
LombardySondrio
52%
LazioFrosinone
49%
Friuli-Venezia GiuliaUdine
46%
SicilyAgrigento
45%
TuscanyFlorence (City Metropolitan)
45%
TuscanyArezzo
44%
TuscanyPrato
44%
TuscanyGrosseto
40%
LiguriaImperia
40%
SardiniaNuoro
37%
MoliseIsernia
36%
SicilyEnna
35%
SardiniaOristano
26%
SicilySyracuse
19%

Score Distribution

Percentile by Number Answered

Percent of People with Each Score

Your Score History

You have not taken this quiz